| 000 | 01118nac a22003251u 4500 | ||
|---|---|---|---|
| 003 | EG-ScBUE | ||
| 005 | 20220616131643.0 | ||
| 008 | 100531r20071999enkb f 000 0 eng d | ||
| 020 | _a0521775515 (pbk.) | ||
| 020 | _a9780521775519 | ||
| 040 |
_aEG-ScBUE _beng _erda _cEG-ScBUE _dEG-ScBUE |
||
| 082 | 0 | 4 |
_a428.64 _bNAY _222 |
| 100 | 1 |
_aNaylor, Helen, _eauthor. _914454 |
|
| 245 | 1 | 0 |
_aIn the shadow of the mountain / _cHelen Naylor. |
| 250 | _aTenth printing. | ||
| 264 | 1 |
_aCambridge : _bCambridge University Press, _c2007. |
|
| 300 |
_a96 pages : _bmaps ; _c20 cm. |
||
| 336 |
_2rdacontent _atext _btxt |
||
| 337 |
_2rdamedia _aunmediated _bn |
||
| 338 |
_2rdacarrier _avolume _bnc |
||
| 490 | 0 |
_aCambridge English readers ; _vlevel 5 |
|
| 500 | _afor Upper- intermediate (B2) level. | ||
| 650 | 7 |
_aReaders (Adult) _2BUEsh _914455 |
|
| 650 | 7 |
_aEnglish language _vTextbooks for foreign speakers. _2BUEsh |
|
| 651 | _2BUEsh | ||
| 655 | _aReaders (Secondary).[lcsh] | ||
| 655 | _aDetective and mystery stories.[gsafd] | ||
| 655 | _aReaders -- Detective and mystery stories.[lcsh] | ||
| 942 |
_cBB _2ddc |
||
| 999 |
_c3269 _d3269 |
||